01212 2200313 4500001002100000005001500021035002000036007000300056008004100059020001800100082000800118084001400126100002500140245013400165250002000299300002500319700003600344700003100380700002800411520026700439600001800706600002300724740003000747264003100777336002100808337003000829338002300859990001600882INLIS00000000000176120260622102524 a0010-0626000458ta260622 b 1 ind  a9789790846586 a823 a823 CHR w0 aChristineePengarang1 aWarrior sheep : petualangan ke barat /cChristine, Christopher Russell ; alih bahasa, Maharani Aulia ; editor, D. Kurniawan, S.Si acetakan pertama a274 halaman ;c20 cm0 aRussell, ChristopherePengarang0 aMaharani AuliaePenerjemah0 aKurniawan, DePengarang anovel fiksi petualangan anak karya Christine dan Christopher Russell. Buku ini mengisahkan kekonyolan dan keberanian lima ekor domba yang melakukan perjalanan ekstrem ke Las Vegas, Amerika Serikat, untuk menghentikan ancaman monster misterius bernama Lidah Merah 4aFiksi Inggris 4aBacaan kanak-kanak aThe warrior sheep go west aSolo :bTiga Ananda,c2012 2rdacontentateks 2rdamediaatanpa perantara 2rdacarrieravolume aSP003150/19